Mechanics and thermodynamics of propulsion, 2nd Ed (Record no. 309011)
[ view plain ]
| 000 -LEADER | |
|---|---|
| fixed length control field | 00465 a2200157 4500 |
| 001 - CONTROL NUMBER | |
| control field | 73938 |
| 082 ## - DEWEY DECIMAL CLASSIFICATION NUMBER | |
| Classification number | 629.13238 HIL |
| 090 ## - LOCALLY ASSIGNED LC-TYPE CALL NUMBER (OCLC); LOCAL CALL NUMBER (RLIN) | |
| -- | 39031 |
| -- | 39031 |
| 100 ## - MAIN ENTRY--PERSONAL NAME | |
| Personal name | Peterson, Carl R. ; Philip G Hill |
| 245 ## - TITLE STATEMENT | |
| Title | Mechanics and thermodynamics of propulsion, 2nd Ed |
| Statement of responsibility, etc. | Carl R. Peterson ; Philip G Hill |
| 250 ## - EDITION STATEMENT | |
| Edition statement | 2 |
| 260 ## - PUBLICATION, DISTRIBUTION, ETC. | |
| Place of publication, distribution, etc. | NY |
| Name of publisher, distributor, etc. | Addison Wisley, NY |
| Date of publication, distribution, etc. | 1992 |
| 300 ## - PHYSICAL DESCRIPTION | |
| Extent | xii, 765 p. |
| Other physical details | photocopy |
| 500 ## - GENERAL NOTE | |
| General note | BE textbook Aerospace |
| 600 ## - SUBJECT ADDED ENTRY--PERSONAL NAME | |
| Personal name | Phillip G Hill |
| 942 ## - ADDED ENTRY ELEMENTS (KOHA) | |
| Institution code [OBSOLETE] | NUST-CAE |
| Call number prefix | 629.13238 HIL |
| Withdrawn status | Lost status | Damaged status | Not for loan | Collection code | Permanent Location | Current Location | Date acquired | Total Checkouts | Full call number | Barcode | Date last seen | Price effective from | Koha item type |
|---|---|---|---|---|---|---|---|---|---|---|---|---|---|
| College of Aeronautical Engineering (CAE) | College of Aeronautical Engineering (CAE) | 04/03/2017 | 629.13238 HIL | CAE78355A | 04/05/2017 | 04/05/2017 | Book |
